Normal view
MARC view
- Massachusetts
Entry Geographic Name
001 - CONTROL NUMBER
- control field: 128833
003 - CONTROL NUMBER IDENTIFIER
- control field: NUST
005 - DATE AND TIME OF LATEST TRANSACTION
- control field: 20250505143619.0
008 - FIXED-LENGTH DATA ELEMENTS
- fixed length control field: 250505|| aca||aabn | a|a d
040 ## - CATALOGING SOURCE
- Original cataloging agency: NUST
- Transcribing agency: NUST
151 ## - HEADING--GEOGRAPHIC NAME
- Geographic name: Massachusetts
- General subdivision: History
- Chronological subdivision: Colonial period, ca. 1600-1775
670 ## - SOURCE DATA FOUND
- Source citation: Work cat.: (NUST)0: Francis, Richard, 1945- 128826, Judge Sewall's apology :, c2005.
